The magic school bus : (Record no. 726)

MARC details
000 -LEADER
fixed length control field 01194nam a22002777a 4500
005 - DATE AND TIME OF LATEST TRANSACTION
control field 20240411103222.0
020 ## - INTERNATIONAL STANDARD BOOK NUMBER
International Standard Book Number 0590446886 :
Terms of availability $14.95
040 ## - CATALOGING SOURCE
Original cataloging agency DLC
Transcribing agency DLC
Modifying agency DLC
Language of cataloging eng
050 00 - LIBRARY OF CONGRESS CALL NUMBER
Classification number QE862.D5
Item number C694 1994
082 00 - DEWEY DECIMAL CLASSIFICATION NUMBER
Classification number 567.9/1
Edition number 20
100 1# - MAIN ENTRY--PERSONAL NAME
Personal name Cole, Joanna.
245 14 - TITLE STATEMENT
Title The magic school bus :
Remainder of title in the time of the dinosaurs /
Statement of responsibility, etc. by Joanna Cole ; illustrated by Bruce Degen.
260 ## - PUBLICATION, DISTRIBUTION, ETC.
Place of publication, distribution, etc. New York :
Name of publisher, distributor, etc. Scholastic,
Date of publication, distribution, etc. 1994.
300 ## - PHYSICAL DESCRIPTION
Extent 48 pages :
Other physical details color illustrations ;
Dimensions 22 x 26 cm.
490 ## - SERIES STATEMENT
Series statement The magic school bus
505 ## - FORMATTED CONTENTS NOTE
Formatted contents note N <br/>
520 ## - SUMMARY, ETC.
Summary, etc. The classroom is decorated as Dinosaur Land, but Ms. Frizzle - inspired by an archeological dig - craves a more authentic experience. The Magic School bus turns into a time machine and transports the class back millions of years to an adventure where they learn about dinosaurs, their habitats and diets, and even a Maiasaura nesting ground.
521 ## - TARGET AUDIENCE NOTE
Target audience note 580 <br/>
Source Lexile <br/>
521 ## - TARGET AUDIENCE NOTE
Target audience note N <br/>
Source Raz-Plus <br/>
650 #0 - SUBJECT ADDED ENTRY--TOPICAL TERM
Topical term or geographic name entry element Dinosaurs
General subdivision Pictorial works
-- Juvenile literature.
650 #1 - SUBJECT ADDED ENTRY--TOPICAL TERM
Topical term or geographic name entry element Dinosaurs.
700 1# - ADDED ENTRY--PERSONAL NAME
Personal name Degen, Bruce,
Relator term illustrator.
906 ## - LOCAL DATA ELEMENT F, LDF (RLIN)
a 7
b cbc
c orignew
d 1
e ocip
f 19
g y-gencatlg
942 ## - ADDED ENTRY ELEMENTS (KOHA)
Source of classification or shelving scheme Dewey Decimal Classification
Koha item type Books
Suppress in OPAC No
999 ## -
-- 726
-- 726
Holdings
Withdrawn status Lost status Source of classification or shelving scheme Damaged status Not for loan Collection Home library Current library Shelving location Date acquired Total Checkouts Full call number Barcode Date due Date last seen Date last checked out Copy number Price effective from Koha item type
    Dewey Decimal Classification     Juvenile Fiction Footprints International School Library Network Toul Kork Campus Footprints International School Library Network Toul Kork Campus TK Primary Library Room(4th Floor), Bookcase 3&4, Shelves 17-32, Yellow Books 07/04/2023 3 COL 567.91 QE862.D5 FISTK01922 04/08/2026 03/25/2026 03/25/2026 1 07/04/2023 Books
    Dewey Decimal Classification     Juvenile Fiction Footprints International School Library Network Toul Kork Campus Footprints International School Library Network Toul Kork Campus TK Primary Library Room(4th Floor), Bookcase 3&4, Shelves 17-32, Yellow Books 04/11/2024 1 COL 567.91 QE862.D5 FISTK01923   03/14/2025 12/09/2024 2 04/11/2024 Books